Statistics for Top 15 Best-selling Ikea Items by Name

Click here to take the quiz!

General Stats

  • This quiz has been taken 36 times
  • The average score is 3 of 15

Answer Stats

NameItem% Correct
Billybookshelf
76%
Malmbed
64%
Poängchair
58%
Ektorpsofa
24%
Dockstatable
15%
Färgrikmug
6%
Lackside table
6%
Renssheepskin rug
3%
Fraktashopping bag
3%
Dvaladuvet cover
0%
Ribbaframes
0%
Klippanloveseat
0%
Stockholmrug
0%
Kallaxshelf unit
0%
Råskogutility cart
0%

Score Distribution

Percentile by Number Answered

Percent of People with Each Score

Your Score History

You have not taken this quiz